[Event "Rematch"]
[Site "http://www.queenalice.com/game.php?id=2168"]
[Date "2004.11.24"]
[Round "-"]
[White "Juchem"]
[Black "MikeDoherty"]
[Result "1-0"]
[WhiteElo "1725"]
[BlackElo "1644"]

1. e4 e5 2. Nc3 Nf6 3. Nf3 Nc6 4. d4 Bb4 5. Nxe5 Nxe5 6. dxe5 Nxe4 7. Qg4 Nxc3
8. Qxb4 Nd5 9. Qe4 Ne7 10. Bf4 O-O 11. O-O-O Ng6 12. Bg3 Re8 13. Bc4 Qe7 14. Qf3
d6 15. exd6 cxd6 16. Rxd6 Be6 17. Bxe6 fxe6 18. Rhd1 Rac8 19. Rd7 Qg5+ 20. R1d2
Rf8 21. Qxb7 Qh6 22. Bd6 Rfe8 23. Qxa7 Ra8 24. Qb7 Rxa2 25. Kb1 Rea8 26. Ba3 1-0

[Event "Webmail Seguro com suporte a HTT"]
[Site "http://www.queenalice.com/game.php?id=2327"]
[Date "2004.11.30"]
[Round "-"]
[White "neves"]
[Black "Juchem"]
[Result "0-1"]
[WhiteElo "1487"]
[BlackElo "1711"]

1. d4 d5 2. e3 Nf6 3. Qd3 e6 4. Nc3 c5 5. dxc5 Bxc5 6. a3 Nc6 7. b4 Ne5 8. Qb5+
Ned7 9. bxc5 O-O 10. c6 Qc7 11. g3 bxc6 12. Qd3 Qa5 13. Bd2 Qc7 14. f4 e5 15.
Bh3 Nc5 16. Qe2 exf4 17. Bxc8 Raxc8 18. exf4 Rfe8 19. Be3 d4 20. Nd1 dxe3 21.
Nxe3 Rcd8 22. Rd1 Nd5 23. Kf2 Nxe3 24. Rxd8 Qxd8 25. Nf3 Ng4+ 26. Kf1 Rxe2 27.
Kxe2 Ne4 28. Rd1 Nc3+ 29. Kf1 Qxd1+ 30. Kg2 Qxc2+ 31. Kh3 Nf2+ 32. Kh4 Qg6 33.
Ne5 Qh6# 0-1

[Event "PEDREIRA"]
[Site "http://www.queenalice.com/game.php?id=2378"]
[Date "2004.12.1"]
[Round "-"]
[White "ronisj"]
[Black "Juchem"]
[Result "0-1"]
[WhiteElo "1364"]
[BlackElo "1706"]

1. e3 e5 2. Bc4 d5 3. Bf1 Nc6 4. d4 exd4 5. exd4 Nf6 6. c3 Bf5 7. Na3 Bxa3 8.
bxa3 O-O 9. Bd3 Bxd3 10. Qxd3 Qe7+ 11. Ne2 Rfe8 12. O-O Qxe2 13. Rd1 Qxd3 14.
Rxd3 Re1# 0-1

[Event "Bastien & Scapin"]
[Site "http://www.queenalice.com/game.php?id=2425"]
[Date "2004.12.2"]
[Round "-"]
[White "alexandrehonorio"]
[Black "Juchem"]
[Result "0-1"]
[WhiteElo "1355"]
[BlackElo "1746"]

1. e4 e5 2. Nf3 Nc6 3. Nc3 Nf6 4. Bc4 Bc5 5. Ng5 O-O 6. d3 Nd4 7. O-O c6 8. Qe1
Nxc2 9. Qe2 Nxa1 10. Be3 Bxe3 11. fxe3 d5 12. exd5 cxd5 13. Nxd5 Nxd5 14. Ne4
Nf6 15. Rxa1 Nxe4 16. dxe4 Be6 17. Rd1 Bxc4 0-1

[Event "Challenge"]
[Site "http://www.queenalice.com/game.php?id=2789"]
[Date "2004.12.14"]
[Round "-"]
[White "Juchem"]
[Black "catalan"]
[Result "1-0"]
[WhiteElo "1755"]
[BlackElo "1552"]

1. e4 c5 2. Nc3 d6 3. Nf3 Nc6 4. d4 cxd4 5. Nxd4 Nf6 6. Bb5 Bd7 7. O-O a6 8.
Nxc6 bxc6 9. Bc4 Bg4 10. Be2 h5 11. Bg5 Bxe2 12. Qxe2 g6 13. e5 Nh7 14. Bf4 g5
15. Bd2 h4 16. exd6 Qxd6 17. Ne4 Qg6 18. Bc3 Bg7 19. Rad1 O-O 20. Rd7 e6 21. Bb4
Rfb8 22. c3 a5 23. Bc5 Nf6 24. Nxf6+ Bxf6 25. Be7 Bxe7 26. Rxe7 Qf6 27. Rc7 Rc8
28. Rb7 Rd8 29. Rd1 Rxd1+ 30. Qxd1 Rd8 31. Rd7 Rxd7 32. Qxd7 c5 33. Qc8+ Kg7 34.
Qxc5 Qg6 35. Qd4+ Kh6 36. Qh8 Qh7 37. Qxh7 Kxh7 38. b4 axb4 39. cxb4 1-0

[Event "Challenge"]
[Site "http://www.queenalice.com/game.php?id=3027"]
[Date "2004.12.23"]
[Round "-"]
[White "Juchem"]
[Black "ronisj"]
[Result "1-0"]
[WhiteElo "1725"]
[BlackElo "1325"]

1. e4 e5 2. Nc3 f6 3. Nf3 Bb4 4. a3 Bxc3 5. bxc3 Nc6 6. Bc4 Nh6 7. d4 Na5 8. Ba2
b5 9. Nxe5 fxe5 10. Bxh6 gxh6 11. Qh5+ Ke7 12. Qxe5+ Kf8 13. Qxh8+ Ke7 14. Qg7+
Ke8 15. Qf7# 1-0

[Event "Challenge"]
[Site "http://www.queenalice.com/game.php?id=3143"]
[Date "2004.12.28"]
[Round "-"]
[White "Juchem"]
[Black "Fabio"]
[Result "1-0"]
[WhiteElo "1747"]
[BlackElo "1495"]

1. e4 e5 2. Nc3 Nf6 3. Nf3 Nc6 4. d4 d6 5. d5 Qd7 6. dxc6 Qxc6 7. Bb5 Qxb5 8.
Nxb5 Kd8 9. Ng5 Be6 10. Nxe6+ fxe6 11. Bg5 c6 12. Bxf6+ gxf6 13. Nxd6 Kd7 14.
Nxb7+ Kc7 15. Nc5 Bxc5 16. O-O h5 17. Qd3 Rhg8 18. Qc4 Bb6 19. Qxe6 Rg7 20. Qxf6
Rag8 21. Qxe5+ Kb7 22. Qxh5 Rxg2+ 23. Kh1 Bc7 24. Rg1 Rxh2+ 25. Qxh2 Bxh2 26.
Rxg8 Be5 27. Rg5 Bxb2 28. Rb1 1-0

[Event "Challenge"]
[Site "http://www.queenalice.com/game.php?id=3201"]
[Date "2004.12.30"]
[Round "-"]
[White "gamelover"]
[Black "Juchem"]
[Result "1-0"]
[WhiteElo "1872"]
[BlackElo "1750"]

1. d4 d5 2. c4 e6 3. Nf3 Nf6 4. Bg5 Be7 5. Nc3 Nbd7 6. e3 h6 7. Bh4 Nb6 8. c5
Nbd7 9. Bd3 g5 10. Bg3 Nh5 11. Be5 Rg8 12. Nb5 Nxe5 13. Nxe5 Nf6 14. Qc2 a6 15.
Nc3 Nd7 16. f4 gxf4 17. exf4 Nxe5 18. fxe5 Bg5 19. Rf1 Be3 20. Qe2 Bxd4 21. Qh5
Qe7 22. a3 Rxg2 23. c6 bxc6 24. O-O-O 1-0

[Event "Challenge"]
[Site "http://www.queenalice.com/game.php?id=3202"]
[Date "2004.12.30"]
[Round "-"]
[White "Juchem"]
[Black "gamelover"]
[Result "0-1"]
[WhiteElo "1765"]
[BlackElo "1860"]

1. e4 c5 2. Nf3 d6 3. Nc3 Nc6 4. Bb5 Nf6 5. O-O Bd7 6. d4 cxd4 7. Nxd4 g6 8. Be3
Bg7 9. Nd5 Nxe4 10. f3 Nf6 11. Nxf6+ Bxf6 12. Qd2 O-O 13. Nxc6 bxc6 14. Bd3 Bxb2
15. Rab1 Bg7 16. c4 Qc7 17. Bh6 Rab8 18. Bxg7 Kxg7 19. Rbd1 Qb6+ 20. Kh1 d5 21.
Bc2 Be6 22. cxd5 Bxd5 23. Rfe1 e6 0-1

[Event "Challenge"]
[Site "http://www.queenalice.com/game.php?id=3531"]
[Date "2005.1.7"]
[Round "-"]
[White "fabiano"]
[Black "Juchem"]
[Result "0-1"]
[WhiteElo "948"]
[BlackElo "1746"]

1. e4 e5 2. f3 Nf6 3. d3 d5 4. c4 d4 5. Nh3 Nc6 6. Nd2 Bxh3 7. Nb3 Bb4+ 8. Bd2
Nh5 9. g4 Qh4+ 10. Ke2 Bxf1+ 11. Rxf1 Qxh2+ 12. Rf2 Ng3+ 13. Ke1 Qg1+ 14. Rf1
Qxf1# 0-1

[Event "Challenge"]
[Site "http://www.queenalice.com/game.php?id=3815"]
[Date "2005.1.14"]
[Round "-"]
[White "neves"]
[Black "Juchem"]
[Result "0-1"]
[WhiteElo "1376"]
[BlackElo "1753"]

1. d4 d5 2. f4 Nc6 3. e3 Nf6 4. Nf3 e6 5. Bb5 Bd7 6. Bxc6 Bxc6 7. O-O Bb4 8. c3
Bd6 9. b4 Bb5 10. Rf2 Ne4 11. Rc2 Ba4 12. Qd3 Bxc2 13. Qxc2 O-O 14. Nbd2 Nf6 15.
a4 a5 16. b5 c6 17. c4 Bb4 18. Ba3 Ng4 19. Bxb4 axb4 20. Nf1 cxb5 21. cxb5 Qc8
22. Qb3 Qc3 23. Rb1 Qxb3 24. Rxb3 Rxa4 25. h3 Nf6 26. Ne5 Rc8 27. Nd3 Rc3 28.
Nd2 Ne4 29. Rxc3 bxc3 30. Nxe4 dxe4 31. Nc5 Ra2 32. g3 c2 33. Nb3 Rb2 34. Nc5
c1=Q# 0-1

[Event "agatetepedoispontosbarrabarra"]
[Site "http://www.queenalice.com/game.php?id=4114"]
[Date "2005.1.22"]
[Round "-"]
[White "ronisj"]
[Black "Juchem"]
[Result "0-1"]
[WhiteElo "1482"]
[BlackElo "1747"]

1. e4 e5 2. c3 d5 3. Qe2 dxe4 4. Qxe4 Bd6 5. Qa4+ Bd7 6. Qe4 Nf6 7. Qh4 Nc6 8.
d4 O-O 9. Bg5 exd4 10. Bxf6 Qxf6 11. Qxf6 Rfe8+ 12. Ne2 gxf6 13. cxd4 Nxd4 14.
Kd1 Nxe2 15. Bxe2 Ba4+ 16. b3 Be5 17. bxa4 Bxa1 18. Re1 Rad8 19. Kc1 c5 20. Kc2
Rd4 21. Nd2 Rxa4 22. Rxa1 Rxe2 23. Kd1 Rxf2 24. Ne4 Rxe4 25. Rc1 Ree2 26. Rxc5
Rxa2 27. Ke1 Rxg2 28. Kf1 Rxh2 29. Kg1 Rhf2 30. Rc7 Rfc2 31. Rxc2 Rxc2 0-1

[Event "Challenge"]
[Site "http://www.queenalice.com/game.php?id=4649"]
[Date "2005.2.3"]
[Round "-"]
[White "MikeDoherty"]
[Black "Juchem"]
[Result "1-0"]
[WhiteElo "1938"]
[BlackElo "1695"]

1. e4 e5 2. f4 d5 3. exd5 e4 4. Bb5+ Bd7 5. Qe2 Nf6 6. d4 Bd6 7. Nh3 c6 8. dxc6
bxc6 9. Bc4 Nd5 10. Qxe4+ Qe7 11. Qxe7+ Bxe7 12. Nf2 Nb6 13. Bb3 O-O 14. O-O c5
15. dxc5 Bxc5 16. Nc3 Re8 17. Bd2 Nc6 18. Rae1 Na5 19. Bd5 Nxd5 20. Nxd5 Nc4 21.
Bc1 Rab8 22. b3 Na3 23. Bxa3 Bxa3 24. Nd3 Red8 25. f5 Bb5 26. N5f4 Rd4 27. c4
Bd7 28. Ne5 Be8 29. f6 g6 30. Nfd3 a5 31. Rf4 Rxf4 32. Nxf4 Bc5+ 33. Kf1 a4 34.
Rd1 axb3 35. axb3 Ba3 36. Rd5 Rb6 37. Rd8 Rxf6 38. Rxe8+ Kg7 39. g3 g5 40. Nd3
gxf4 41. Nxf4 Rb6 42. Re3 Bc1 43. Rd3 Bxf4 44. gxf4 Kf6 45. Kf2 Ke7 46. Ke2 Rf6
47. Kf3 Rh6 48. Kg2 Rg6+ 49. Kf2 1-0

[Event "Ensaio de iteraÃ§Ã£o"]
[Site "http://www.queenalice.com/game.php?id=4664"]
[Date "2005.2.3"]
[Round "-"]
[White "Juchem"]
[Black "alexandrehonorio"]
[Result "1-0"]
[WhiteElo "1737"]
[BlackElo "1445"]

1. e4 e5 2. Nc3 Nf6 3. Nf3 Nc6 4. d4 d5 5. Bb5 Bd7 6. exd5 Nb4 7. Bxd7+ Qxd7 8.
dxe5 Qe7 9. O-O Rd8 10. d6 cxd6 11. exf6 Qxf6 12. Bg5 1-0

[Event "Challenge"]
[Site "http://www.queenalice.com/game.php?id=4815"]
[Date "2005.2.4"]
[Round "-"]
[White "fabiano"]
[Black "Juchem"]
[Result "0-1"]
[WhiteElo "1068"]
[BlackElo "1747"]

1. g3 d5 2. b3 e5 3. Nf3 Nc6 4. Bb2 e4 5. Nh4 Nf6 6. Bxf6 Qxf6 7. Nc3 Be6 8. e3
Bb4 9. Bb5 O-O 10. Bxc6 bxc6 11. f4 exf3 12. Qxf3 Bxc3 13. dxc3 Qxc3+ 14. Kf2
Qxc2+ 15. Qe2 Qxe2+ 16. Kxe2 c5 17. Raf1 d4 18. exd4 cxd4 19. Rd1 c5 20. Nf3
Rad8 21. Rdf1 c4 22. bxc4 Bxc4+ 23. Kd2 Bxa2 24. Ra1 Bd5 25. Rhf1 Rfe8 26. Nxd4
Bc4 27. Rfc1 Rxd4+ 28. Kc3 Ree4 29. Kb4 Be2+ 30. Kb3 Re3+ 31. Kb2 Rd2+ 32. Kb1
Bd3+ 33. Rc2 Rxc2 34. Rxa7 Re1# 0-1

[Event "Challenge"]
[Site "http://www.queenalice.com/game.php?id=5466"]
[Date "2005.2.17"]
[Round "-"]
[White "Juchem"]
[Black "dnptrs"]
[Result "1/2-1/2"]
[WhiteElo "1742"]
[BlackElo "1873"]

1. Nf3 e6 2. d4 Nf6 3. e3 d5 4. Bd3 Be7 5. O-O O-O 6. c4 dxc4 7. Bxc4 c6 8. a3
b6 9. Nc3 Bb7 10. e4 c5 11. e5 Nd5 12. Qc2 Nxc3 13. Qxc3 Nc6 14. Be3 cxd4 15.
Nxd4 Rc8 16. Nxe6 fxe6 17. Bxe6+ Kh8 18. Rfd1 Qe8 19. Bxc8 Qxc8 20. Rac1 Qf5 21.
f4 Rc8 22. Qd3 Qg4 1/2-1/2

[Event "Challenge"]
[Site "http://www.queenalice.com/game.php?id=8467"]
[Date "2005.4.1"]
[Round "-"]
[White "catalan"]
[Black "Juchem"]
[Result "1-0"]
[WhiteElo "1548"]
[BlackElo "1725"]

1. e4 e5 2. Nf3 Nc6 3. Bb5 Nf6 4. d3 d6 5. Nc3 Bd7 6. Bg5 a6 7. Bxc6 Bxc6 8. O-O
Be7 9. Re1 O-O 10. d4 d5 11. exd5 Nxd5 12. Bxe7 Nxe7 13. Nxe5 Qd6 14. Nxc6 Nxc6
15. Ne2 Rfe8 16. d5 Ne5 17. Ng3 c6 18. dxc6 Qxc6 19. Qd4 Rad8 20. Qc3 Qxc3 21.
bxc3 Nc4 22. Rxe8+ Rxe8 23. Rd1 g6 24. Rd7 1-0

[Event "Gagau"]
[Site "http://www.queenalice.com/game.php?id=16721"]
[Date "2005.6.19"]
[Round "-"]
[White "Juchem"]
[Black "fabiano"]
[Result "0-1"]
[WhiteElo "1689"]
[BlackElo "1142"]

1. e4 e5 2. f4 exf4 3. Bc4 Bc5 4. d4 Bb4+ 5. c3 Be7 6. Bxf4 Nf6 7. e5 Ne4 8. Nd2
Nxd2 9. Bxd2 Na6 10. Qf3 d6 11. Qxf7+ Kd7 12. Be6+ Kc6 13. Bd5+ Kb6 14. O-O-O
Rf8 15. Qxg7 Rf2 16. Bf3 d5 17. Qg3 Rxf3 18. Nxf3 Bf5 19. Bg5 Qe8 20. Nh4 Be4
0-1